000 00716nam a2200277Ia 4500
005 20260324112308.0
008 008 260324s9999 xx 000 0 eng d
020 _a9781003121480
037 _aEBOOK
040 _aCRL
040 _beng
040 _cCRL
041 _2eng
041 _aeng
084 _qCRL
100 _aMaria Alessia Rossi; Alice Isabella Sullivan
_91142104
245 4 _aThe Routledge Handbook of Byzantine Visual Culture in the Danube Regions, 1300-1600
260 _bTaylor and Francis
260 _c2024
365 _a
365 _b350
856 _uhttp://www.taylorfrancis.com/books/9781003121480
942 _cEBOOK
999 _c1731255
_d1731255